000 05593nam a22005657a 4500
005 20120120104936.0
010 _aB-468400-428
020 _a9788179933282
_c155.00
020 _a9788179933282
_c155.00
035 _aB-468400-428
037 _aDPL
_bBlue Berry/Ven
082 _a934
100 _aSen, Benita
_950567
245 _aIndus Valley /
_cby Benita Sen
246 _aIndus Valley
260 _aNew Delhi
_bTeri Press
_c2011
270 _aDarbari Seth Block, IHC Complex, Lodhi Road
_bNew Delhi
_e110003
_k24682100 / 41504900
_l24682144 / 24682145
_mTeripress@teri.res.in
300 _a30 p.
_bCol. ill
_c29cm (Hb)
490 _aSmart Green Civilizations
_950568
942 _2ddc
_cCH
_m SEN
_h934
999 _c61258
_d61258